| 000 | 01602cam a2200457 4500 | ||
|---|---|---|---|
| 003 | PE-LiUPU | ||
| 005 | 20250930121757.0 | ||
| 008 | 250930b |||||||| |||| 00| 0 spa d | ||
| 020 | _a9023225724 | ||
| 035 | _a(Sirsi) i9789023225720 | ||
| 035 | _a(Sirsi) 22001 | ||
| 035 | _a(Sirsi) 22001 | ||
| 040 |
_bspa _cPE-LiUPU _dPE-LiUPU _erda |
||
| 041 | _aen | ||
| 044 | _anl | ||
| 082 | 0 | 4 |
_a221.44 _bV513v _223 |
| 100 | 1 |
_aVerheij, A. J. C., _eautor. _96993 |
|
| 245 |
_aVerbs and Number : _ba study of the frequencies of the Hebrew verbal tense forms in the books of Samuel, kings, and Chronicles / _cA. J. C. Verheij, |
||
| 264 | 1 |
_aAssen, The Netherlands : _bVan Gorcum, _c1990 |
|
| 300 |
_a135 páginas : _bilustraciones ; _c24 cm |
||
| 490 | 0 | _aStudia Semitica Neerlandica | |
| 504 | _aIncluye bibliografía | ||
| 505 | 0 | _aSome studies of the language of the book of Chronicles -- Method -- General observations -- Qatol -- Qetol -- Qotel -- Qtol -- Qatal and Yiqtol. -- | |
| 526 | _aP145 | ||
| 526 | _aP127 | ||
| 526 | _aP97 | ||
| 526 | _aP35 | ||
| 526 | _aP14 | ||
| 526 | _aP07 | ||
| 630 | 2 | 4 |
_aBiblia _pSamuel _xCrítica, textual |
| 630 | 2 | 4 |
_aBiblia _pReyes _vVcrítica, textua |
| 630 | 2 | 4 |
_aBiblia _pCrónicas _xCrítica, textual |
| 650 | 1 | 4 |
_aHebreo bíblico _xTiempo. |
| 650 | 2 | 4 |
_aLingüística hebrea _xAnálisis de frecuencia. _96994 |
| 910 | _aaj-op | ||
| 942 |
_2ddc _cBOOK |
||
| 949 |
_a492.4 V51 _i44934 _lPOSTGRADO _mBUL _tLIBRO _o.STAFF. Posgrado |
||
| 980 |
_818226 _gJaime Vilcazán Jefe de Análisis Documental |
||
| 999 |
_c21807 _d21807 |
||